|
|
|
|
| LEADER |
02590nam a22004093i 4500 |
| 001 |
EBC6529706 |
| 003 |
MiAaPQ |
| 005 |
20231204023216.0 |
| 006 |
m o d | |
| 007 |
cr cnu|||||||| |
| 008 |
231204s2021 xx o ||||0 eng d |
| 020 |
|
|
|a 9783736963856
|q (electronic bk.)
|
| 020 |
|
|
|z 9783736973855
|
| 035 |
|
|
|a (MiAaPQ)EBC6529706
|
| 035 |
|
|
|a (Au-PeEL)EBL6529706
|
| 035 |
|
|
|a (OCoLC)1244630548
|
| 040 |
|
|
|a MiAaPQ
|b eng
|e rda
|e pn
|c MiAaPQ
|d MiAaPQ
|
| 082 |
0 |
|
|a 300
|
| 100 |
1 |
|
|a Moschner, Sandra-Luisa.
|
| 245 |
1 |
0 |
|a Corporate Accelerator Programs. :
|b How Incumbents’ Motives and Operative Support Practices Impact Startup Success.
|
| 250 |
|
|
|a 1st ed.
|
| 264 |
|
1 |
|a Göttingen :
|b Cuvillier Verlag,
|c 2021.
|
| 264 |
|
4 |
|c {copy}2021.
|
| 300 |
|
|
|a 1 online resource (269 pages)
|
| 336 |
|
|
|a text
|b txt
|2 rdacontent
|
| 337 |
|
|
|a computer
|b c
|2 rdamedia
|
| 338 |
|
|
|a online resource
|b cr
|2 rdacarrier
|
| 505 |
0 |
|
|a Intro -- Index of figures -- Index of tables -- List of abbreviations -- 1 Introduction -- 1.1 Research motivation -- 1.2 Research objectives and contribution -- 1.3 Outline of the thesis -- 2 Theoretical foundation of the accelerator and open innovation -- 2.1 The accelerator as a venture development organization -- 2.2 Open innovation for accessing external resources -- 3 Qualitative exploration of corporate accelerators as a new open innovation approach -- 3.1 Methodology -- 3.2 Findings -- 3.3 Discussion -- 4 Quantitative exploration of incumbents' motives, design ele-ments, and operative practices in corporate accelerators -- 4.1 Methodology -- 4.2 Empirical findings -- 5 Discussion -- 5.1 Incumbent's motives and operative practices in corporate accelerators -- 5.2 Operative practices in corporate accelerators -- 6 Conclusion -- 6.1 Theoretical implications -- 6.2 Managerial implications -- 6.3 Limitations and future research -- Appendix.
|
| 588 |
|
|
|a Description based on publisher supplied metadata and other sources.
|
| 590 |
|
|
|a Electronic reproduction. Ann Arbor, Michigan : ProQuest Ebook Central, 2023. Available via World Wide Web. Access may be limited to ProQuest Ebook Central affiliated libraries.
|
| 650 |
|
0 |
|a Partnership.
|
| 650 |
|
0 |
|a New business enterprises.
|
| 650 |
|
0 |
|a Business incubators.
|
| 655 |
|
4 |
|a Electronic books.
|
| 776 |
0 |
8 |
|i Print version:
|a Moschner, Sandra-Luisa
|t Corporate Accelerator Programs.
|d Göttingen : Cuvillier Verlag,c2021
|z 9783736973855
|
| 797 |
2 |
|
|a ProQuest (Firm)
|
| 856 |
4 |
0 |
|u https://ebookcentral.proquest.com/lib/matrademy/detail.action?docID=6529706
|z Click to View
|